000 00329nam a2200109Ia 4500
008 200626s9999 xx 000 0 und d
020 _a971-93446-4-3
100 _aAguilar, Marlene
245 _cMarlene Aguilar.--
_aMordern art:
_bBy fred ramirez:/
260 _aPhilippines :
_bJamayco Publishing House
_c2008
300 _a149 pages
999 _c363838
_d363838